| 000 | 03463nam a22003617a 4500 | ||
|---|---|---|---|
| 005 | 20090805105541.0 | ||
| 008 | 090804t xxu||||| |||| 00| 0 hin d | ||
| 010 | _aHIN-87619 | ||
| 020 | _c250.00 | ||
| 035 | _aHN-59965 | ||
| 035 | _a368331-337 | ||
| 037 | _b एक्यूमैन पब्लिशर्स/ PUB | ||
| 040 |
_adpl _bhn |
||
| 082 | _a371.1023 | ||
| 100 |
_aसुखोम्लीन्स्की, वसीली _92007 |
||
| 245 |
_aबचपन के दिन / _cवसीली सुखोम्लीन्स्की |
||
| 246 |
_aBachpan ke dins _bby Vasili Sukhomalinski |
||
| 260 |
_aनोएडा (यू.पी.) _bएक्यूमैन पब्लिशर्स _c2008 |
||
| 270 |
_aजी-10, द्वितीय तल, सैक्टर-22 _bनोएडा (यू.पी.) |
||
| 300 |
_a199पृ. _c22सेमी (सजिल्द) |
||
| 650 |
_aविद्यार्थी-अध्यापक संबंध _92008 |
||
| 650 |
_aStudent-teacher relation _92009 |
||
| 942 |
_2ddc _cHN _mसुखोम्ली _h371.1023 |
||
| 999 |
_c28921 _d28921 |
||